[Event "Karelia-ch"]
[Site "Petrozavodsk"]
[Date "2014.02.23"]
[Round "9"]
[White "Nasonov, Vadim"]
[Black "Yakkimaienen, Vjaino"]
[Result "1/2-1/2"]
[WhiteElo "2139"]
[BlackElo "2147"]
[PlyCount "110"]
[EventDate "2014.02.18"]
[EventType "swiss"]
[EventRounds "9"]
[EventCountry "RUS"]
[SourceTitle "EXT 2016"]
[Source "ChessBase"]
[SourceDate "2015.10.08"]
[SourceVersion "1"]
[SourceVersionDate "2015.10.08"]
[SourceQuality "1"]

1. Nf3 d5 2. d4 Nf6 3. g3 c5 4. c4 e6 5. Bg2 Nc6 6. 0-0 Be7 7. Nc3 0-0 8. cxd5 exd5 9. dxc5 Re8 10. Be3 Bf8 11. Nd4 Rxe3 12. fxe3 Bxc5 13. Na4 Bd6 14. Nxc6 bxc6 15. Rc1 Bd7 16. e4 Qe7 17. exd5 cxd5 18. Rc3 Re8 19. e3 Be5 20. Rc1 h5 21. Nc3 h4 22. Nxd5 Nxd5 23. Bxd5 Bf6 24. e4 Bh3 25. Rf2 hxg3 26. hxg3 Qe5 27. Qb3 Rb8 28. Qc3 Rc8 29. Bxf7+ Kf8 30. Qxe5 Rxc1+ 31. Kh2 Bxe5 32. Kxh3 Ke7 33. b4 Rc3 34. Bd5 Rxg3+ 35. Kh4 Rg1 36. Rf7+ Kd6 37. Rxa7 Bf6+ 38. Kh3 Ke5 39. b5 g5 40. Ra6 Bd8 41. Rg6 Kf4 42. Rg8 g4+ 43. Kh2 Bb6 44. Rf8+ Kg5 45. e5 Rd1 46. Bc4 Rd2+ 47. Kg3 Bg1 48. Rg8+ Kf5 49. Rxg4 Bh2+ 50. Kf3 Bxe5 51. b6 Bd4 52. Rxd4 Rxd4 53. b7 Rd8 54. a4 Ke5 55. a5 Kd6 1/2-1/2

[Event "Karelian Autumn"]
[Site "Petrozavodsk"]
[Date "2012.10.15"]
[Round "4"]
[White "Nasonov, Vadim"]
[Black "Konakov, Nikolay Anatolievic"]
[Result "1-0"]
[WhiteElo "2147"]
[BlackElo "2022"]
[PlyCount "53"]
[EventDate "2012.10.14"]
[EventType "swiss"]
[EventRounds "9"]
[EventCountry "RUS"]
[SourceTitle "EXT 2013"]
[Source "ChessBase"]
[SourceDate "2012.11.22"]
[SourceVersion "1"]
[SourceVersionDate "2012.11.22"]
[SourceQuality "1"]

1. d4 Nf6 2. g3 c5 3. Nf3 e6 4. Bg2 Nc6 5. 0-0 Be7 6. c4 cxd4 7. Nxd4 0-0 8. Nc3 a6 9. b3 Qa5 10. Bb2 Ba3 11. Na4 Bxb2 12. Nxb2 Rd8 13. a3 Rb8 14. b4 Qc7 15. Rc1 d6 16. Nxc6 bxc6 17. Qa4 Bd7 18. c5 dxc5 19. Rxc5 Rb5 20. Rfc1 Qd6 21. Nc4 Qd4 22. e3 Qd3 23. Bf1 Qe4 24. Bg2 Qg4 25. Ne5 Rxc5 26. Rxc5 Qf5 27. Qd1 1-0

[Event "Karelia-ch 65th"]
[Site "Kondopoga"]
[Date "2012.02.25"]
[Round "8"]
[White "Sklyarov, Dmitry V"]
[Black "Nasonov, Vadim"]
[Result "1-0"]
[WhiteElo "2426"]
[BlackElo "2119"]
[PlyCount "63"]
[EventDate "2012.02.21"]
[EventType "swiss"]
[EventRounds "9"]
[EventCountry "RUS"]
[SourceTitle "EXT 2013"]
[Source "ChessBase"]
[SourceDate "2012.11.22"]
[SourceVersion "1"]
[SourceVersionDate "2012.11.22"]
[SourceQuality "1"]

1. Nf3 d5 2. d4 e6 3. e3 Nf6 4. Bd3 Be7 5. 0-0 0-0 6. b3 b6 7. Bb2 Bb7 8. Ne5 Nbd7 9. f4 Ne4 10. Nd2 f6 11. Nxd7 Qxd7 12. Nxe4 dxe4 13. Bc4 f5 14. Qe2 a6 15. a4 c6 16. Qd2 Rfd8 17. Rfd1 b5 18. axb5 axb5 19. Be2 b4 20. Qe1 Qc7 21. Bc4 Kf7 22. g4 g6 23. Qe2 Ra5 24. Rxa5 Qxa5 25. Ra1 Qb6 26. gxf5 c5 27. fxe6+ Kf8 28. f5 cxd4 29. fxg6 hxg6 30. Qf2+ Kg7 31. Qf7+ Kh6 32. Qxe7 1-0

[Event "Karelia-ch 65th"]
[Site "Kondopoga"]
[Date "2012.02.21"]
[Round "1"]
[White "Loboda, Alexey M"]
[Black "Nasonov, Vadim"]
[Result "0-1"]
[WhiteElo "1861"]
[BlackElo "2119"]
[PlyCount "150"]
[EventDate "2012.02.21"]
[EventType "swiss"]
[EventRounds "9"]
[EventCountry "RUS"]
[SourceTitle "EXT 2013"]
[Source "ChessBase"]
[SourceDate "2012.11.22"]
[SourceVersion "1"]
[SourceVersionDate "2012.11.22"]
[SourceQuality "1"]

1. e4 d5 2. exd5 Qxd5 3. Nc3 Qa5 4. d4 c6 5. Bd2 Qb6 6. Nf3 Bg4 7. Na4 Qc7 8. Be2 e6 9. 0-0 Nf6 10. Ne5 Bf5 11. Bf3 Bd6 12. Re1 0-0 13. g3 Nbd7 14. Nxd7 Qxd7 15. b3 Rac8 16. Be3 Rfd8 17. Qe2 b6 18. c4 b5 19. Nb2 c5 20. Rad1 cxd4 21. Rxd4 b4 22. Red1 Qc7 23. Na4 e5 24. R4d2 e4 25. Bg2 Bg4 26. f3 Bf5 27. fxe4 Nxe4 28. Bxe4 Bxe4 29. Qg4 f5 30. Qh4 Bf3 31. Rf1 Bg4 32. Qg5 h6 33. Qg6 Bxg3 34. Qe6+ Kh7 35. hxg3 Rxd2 36. Bf4 Qd7 37. Qxd7 Rxd7 38. Re1 Rd1 39. Rxd1 Bxd1 40. Bd6 a5 41. Nb6 Re8 42. c5 Bf3 43. Kf2 Bc6 44. Nc4 a4 45. bxa4 Bxa4 46. Ne5 Ra8 47. c6 Bxc6 48. Bxb4 Rxa2+ 49. Ke3 Be4 50. Bd6 Ra6 51. Bc7 Ra3+ 52. Kf2 g5 53. Bd6 Ra6 54. Bc7 Kg7 55. Ke3 Ra3+ 56. Kf2 Rc3 57. Bb8 f4 58. gxf4 gxf4 59. Ng4 Rc2+ 60. Kf1 f3 61. Bf4 h5 62. Nf2 Bf5 63. Kg1 h4 64. Be3 Kg6 65. Bd4 Kg5 66. Ba7 Kf4 67. Bd4 Rc6 68. Kh2 Rg6 69. Bc5 Ke5 70. Be3 Kd5 71. Ba7 Kc4 72. Kh1 Rg2 73. Nd1 Ra2 74. Ne3+ Kd3 75. Bb6 f2 0-1

[Event "Karelian Autumn"]
[Site "Petrozavodsk"]
[Date "2011.10.14"]
[Round "8"]
[White "Nasonov, Vadim"]
[Black "Makarov, Pavel"]
[Result "0-1"]
[WhiteElo "2148"]
[BlackElo "2073"]
[PlyCount "51"]
[EventDate "2011.10.08"]
[EventType "swiss"]
[EventRounds "9"]
[EventCountry "RUS"]
[SourceTitle "EXT 2012"]
[Source "ChessBase"]
[SourceDate "2011.11.24"]
[SourceVersion "1"]
[SourceVersionDate "2011.11.24"]
[SourceQuality "1"]

1. d4 Nf6 2. g3 d5 3. Bg2 g6 4. Nf3 Bg7 5. 0-0 0-0 6. b3 c5 7. Bb2 Nc6 8. c3 Ne4 9. dxc5 f5 10. Nd4 Nxd4 11. cxd4 Nxc5 12. Nc3 Ne4 13. e3 b6 14. Nxe4 fxe4 15. f3 Ba6 16. Rf2 Bd3 17. Bf1 Bxf1 18. Qxf1 Qd7 19. Rc1 exf3 20. Rxf3 Bh6 21. Re1 Qg4 22. Kg2 Qe4 23. Qe2 Rac8 24. Rc1 Rxc1 25. Bxc1 g5 26. h3 0-1

[Event "Karelia-ch"]
[Site "Petrozavodsk"]
[Date "2011.02.24"]
[Round "5"]
[White "Nasonov, Vadim"]
[Black "Dokutchaev, Aleksander"]
[Result "0-1"]
[WhiteElo "2147"]
[BlackElo "2420"]
[PlyCount "92"]
[EventDate "2011.02.22"]
[EventType "swiss"]
[EventRounds "9"]
[EventCountry "RUS"]
[SourceTitle "CBM 141 Extra"]
[Source "ChessBase"]
[SourceDate "2011.05.03"]
[SourceVersion "1"]
[SourceVersionDate "2011.05.03"]
[SourceQuality "1"]

1. d4 d5 2. g3 c6 3. Bg2 Nf6 4. Nf3 Bf5 5. 0-0 Nbd7 6. b3 e6 7. Nbd2 Ne4 8. Nxe4 Bxe4 9. Bh3 Bxf3 10. exf3 Be7 11. Qd3 0-0 12. f4 Bf6 13. Be3 g6 14. Rab1 Qa5 15. Rfe1 Bg7 16. Bd2 Qd8 17. Re2 Nf6 18. Rbe1 Ne4 19. Bb4 Re8 20. f3 Qb6 21. fxe4 Bxd4+ 22. Kg2 Qxb4 23. exd5 cxd5 24. a3 Qc3 25. Qb5 Re7 26. f5 a6 27. Qb4 Qxb4 28. axb4 gxf5 29. Bxf5 Bc3 30. Rf1 Bxb4 31. Bg4 Rc8 32. Rf4 Bd6 33. Rd4 Rc3 34. Red2 Bc5 35. R4d3 Rxd3 36. Rxd3 b5 37. Be2 Rc7 38. Rd1 Bb4 39. Bd3 Bc3 40. Kf3 Rc5 41. Ke3 a5 42. Rb1 Kg7 43. b4 Bxb4 44. Kd4 Rc8 45. Bxb5 Rxc2 46. h4 Rg2 0-1

[Event "Karelia-ch"]
[Site "Petrozavodsk"]
[Date "2011.02.22"]
[Round "1"]
[White "Nasonov, Vadim"]
[Black "Gubaidullin, Mannifanzil"]
[Result "1-0"]
[WhiteElo "2147"]
[BlackElo "1800"]
[PlyCount "109"]
[EventDate "2011.02.22"]
[EventType "swiss"]
[EventRounds "9"]
[EventCountry "RUS"]
[SourceTitle "CBM 141 Extra"]
[Source "ChessBase"]
[SourceDate "2011.05.03"]
[SourceVersion "1"]
[SourceVersionDate "2011.05.03"]
[SourceQuality "1"]

1. d4 Nf6 2. g3 g6 3. Bg2 Bg7 4. e4 0-0 5. Ne2 d6 6. 0-0 e5 7. h3 Nc6 8. Be3 Nh5 9. c3 f5 10. exf5 gxf5 11. dxe5 dxe5 12. Bc5 Qxd1 13. Rxd1 Re8 14. Na3 Be6 15. Bf3 Nf6 16. Nb5 e4 17. Bg2 Bc4 18. Ned4 Nxd4 19. Nxd4 Re5 20. Ba3 c5 21. f4 exf3 22. Nxf3 Ree8 23. Bxc5 Ne4 24. Nd2 Be2 25. Bxe4 fxe4 26. Re1 Bd3 27. Nf1 b6 28. Bf2 Rad8 29. a4 Bxf1 30. Kxf1 Rd3 31. Ke2 Rf3 32. Rg1 Bh6 33. a5 Ref8 34. Bd4 Rd3 35. Rad1 Rdf3 36. axb6 axb6 37. Bxb6 e3 38. Rdf1 Rf2+ 39. Rxf2 Rxf2+ 40. Kd3 Rd2+ 41. Ke4 Rxb2 42. Bd4 Rh2 43. h4 e2 44. Kd3 Kf7 45. Re1 Rg2 46. Be5 Ke6 47. Bb8 Bg7 48. c4 Kf5 49. c5 Rf2 50. Rxe2 Rf3+ 51. Re3 Rf1 52. c6 Rc1 53. c7 Rc3+ 54. Kd2 Rc4 55. Re8 1-0

[Event "Petrozavodsk"]
[Site "Petrozavodsk"]
[Date "2010.10.15"]
[Round "8"]
[White "Toivonen, Alexander"]
[Black "Nasonov, Vadim"]
[Result "1/2-1/2"]
[WhiteElo "2304"]
[BlackElo "2158"]
[PlyCount "75"]
[EventDate "2010.10.09"]
[EventType "tourn"]
[EventRounds "9"]
[EventCountry "RUS"]
[EventCategory "1"]
[SourceTitle "EXT 2011"]
[Source "ChessBase"]
[SourceDate "2010.11.26"]
[SourceVersion "1"]
[SourceVersionDate "2010.11.26"]
[SourceQuality "1"]

1. d4 d5 2. c4 e6 3. Nc3 Nf6 4. Bg5 Be7 5. e3 0-0 6. Nf3 Nbd7 7. Bd3 c5 8. cxd5 cxd4 9. Nxd4 Nxd5 10. Bxe7 Nxe7 11. 0-0 Nf6 12. Nf3 Ned5 13. Rc1 b6 14. Qe2 Qe7 15. Ne5 Bb7 16. a3 Rac8 17. Nb5 a6 18. Nd4 b5 19. h3 Qd6 20. Rxc8 Rxc8 21. Ndf3 h6 22. Rd1 Nd7 23. Nxd7 Qxd7 24. Nd4 Qc7 25. Rd2 Qe5 26. Rc2 Rxc2 27. Bxc2 Nf4 28. exf4 Qxd4 29. Qe5 Qc4 30. Qb8+ Bc8 31. Bd3 Qxd3 32. Qxc8+ Kh7 33. Qxa6 Qb1+ 34. Kh2 Qxb2 35. Qa7 Qa2 36. Qe3 Qd5 37. Kg1 Kg6 38. Qg3+ 1/2-1/2

[Event "Petrozavodsk"]
[Site "Petrozavodsk"]
[Date "2010.10.11"]
[Round "4"]
[White "Savolainen, Lev P"]
[Black "Nasonov, Vadim"]
[Result "0-1"]
[WhiteElo "2190"]
[BlackElo "2158"]
[PlyCount "54"]
[EventDate "2010.10.09"]
[EventType "tourn"]
[EventRounds "9"]
[EventCountry "RUS"]
[EventCategory "1"]
[SourceTitle "EXT 2011"]
[Source "ChessBase"]
[SourceDate "2010.11.26"]
[SourceVersion "1"]
[SourceVersionDate "2010.11.26"]
[SourceQuality "1"]

1. d4 d5 2. c4 e6 3. Nc3 Nf6 4. Bg5 Be7 5. cxd5 Nxd5 6. Bxe7 Qxe7 7. Rc1 c6 8. Nf3 0-0 9. e3 Nd7 10. Bc4 Nxc3 11. Rxc3 e5 12. 0-0 e4 13. Nd2 Nb6 14. Bb3 Kh8 15. f3 exf3 16. Qxf3 Be6 17. e4 Qb4 18. Qe3 Rad8 19. Nf3 Nc4 20. Qf2 Nd6 21. Qh4 Nb5 22. a3 Qd6 23. d5 cxd5 24. Ng5 h6 25. Rf6 Kg8 26. Nxf7 Rxf7 27. Rxe6 Nxc3 0-1

[Event "Petrozavodsk"]
[Site "Petrozavodsk"]
[Date "2010.10.09"]
[Round "1"]
[White "Nasonov, Vadim"]
[Black "Malinin, Yuri"]
[Result "0-1"]
[WhiteElo "2158"]
[BlackElo "2312"]
[PlyCount "150"]
[EventDate "2010.10.09"]
[EventType "tourn"]
[EventRounds "9"]
[EventCountry "RUS"]
[EventCategory "1"]
[SourceTitle "EXT 2011"]
[Source "ChessBase"]
[SourceDate "2010.11.26"]
[SourceVersion "1"]
[SourceVersionDate "2010.11.26"]
[SourceQuality "1"]

1. d4 Nf6 2. g3 d5 3. Bg2 Bg4 4. Nf3 e6 5. 0-0 Nbd7 6. Nbd2 Bd6 7. c4 c6 8. Qc2 0-0 9. e4 dxe4 10. Nxe4 Nxe4 11. Qxe4 Nf6 12. Qc2 Qa5 13. Ng5 Bf5 14. Ne4 Be7 15. Qe2 Rad8 16. Rd1 Rd7 17. Nc3 Rfd8 18. Be3 Bg4 19. f3 Bh5 20. h4 Bg6 21. g4 h5 22. g5 Ne8 23. a3 Nd6 24. d5 exd5 25. cxd5 Nf5 26. dxc6 bxc6 27. Bf2 Qc7 28. Rac1 Qf4 29. Qe1 Rxd1 30. Rxd1 Rxd1 31. Nxd1 Bd6 32. Nc3 Qh2+ 33. Kf1 Ng3+ 34. Bxg3 Bd3+ 35. Ne2 Bxg3 36. Qd2 Ba6 37. Qd8+ Kh7 38. Qe8 Qxh4 39. Qxf7 Qxg5 40. Bh3 Bd3 41. Qd7 Qd5 42. Kg2 Qxd7 43. Bxd7 Be5 44. Nc1 Bc2 45. Bxc6 Bxb2 46. Ne2 Bxa3 47. Nd4 Bb1 48. f4 Bc5 49. Ne6 Be7 50. Bb5 a5 51. Ba4 Kg6 52. Be8+ Kf6 53. Nd4 g6 54. Kg3 Bc5 55. Nb3 Bb6 56. Nd2 Bc2 57. Nc4 Bc7 58. Ne3 Be4 59. Nc4 Bc2 60. Ne3 Bb3 61. Kf3 Bd6 62. Bb5 a4 63. Nc4 Be7 64. Nd2 Bd1+ 65. Ke3 a3 66. Ne4+ Kg7 67. Bc4 h4 68. Nc3 Bc5+ 69. Kd2 Bf3 70. Be6 Bb4 71. Ke3 Bg2 72. Kf2 Bc6 73. Na2 Bc5+ 74. Kf1 Kf6 75. Bg4 Bd6 0-1

[Event "Karelia-ch 63rd"]
[Site "Petrozavodsk"]
[Date "2010.02.25"]
[Round "9"]
[White "Makarov, Pavel"]
[Black "Nasonov, Vadim"]
[Result "1/2-1/2"]
[WhiteElo "2009"]
[BlackElo "2174"]
[PlyCount "122"]
[EventDate "2010.02.20"]
[EventType "swiss"]
[EventRounds "9"]
[EventCountry "RUS"]
[SourceTitle "CBM 135 Extra"]
[Source "ChessBase"]
[SourceDate "2010.05.04"]
[SourceVersion "1"]
[SourceVersionDate "2010.05.04"]
[SourceQuality "1"]

1. d4 d5 2. Nf3 e6 3. e3 Nf6 4. Bd3 Be7 5. 0-0 0-0 6. b3 b6 7. Bb2 Bb7 8. Ne5 Nbd7 9. Nd2 c5 10. f4 Ne4 11. Rf3 f5 12. Nxd7 Qxd7 13. Rf1 Nxd2 14. Qxd2 Bf6 15. Be2 Qc6 16. Rac1 c4 17. Ba3 c3 18. Qd3 Rfc8 19. Qb5 Qc7 20. Rb1 a5 21. Qd3 b5 22. Bc5 b4 23. Qd1 Be7 24. Bxe7 Qxe7 25. Bd3 a4 26. Bb5 axb3 27. axb3 Ra2 28. Ra1 Rca8 29. Rxa2 Rxa2 30. Qd3 Qc7 31. h3 Qb6 32. Qe2 Rxc2 33. Qxc2 Qxb5 34. Rd1 Ba6 35. Kf2 Qa5 36. g4 g6 37. gxf5 exf5 38. h4 Kg7 39. h5 Bb5 40. hxg6 hxg6 41. Rg1 Qa6 42. Rd1 Qa3 43. Kf3 Qa8 44. Rg1 Bd7 45. Rh1 Qe8 46. Ra1 Qe4+ 47. Qxe4 fxe4+ 48. Ke2 Kh6 49. Rh1+ Kg7 50. Kd1 Bg4+ 51. Kc2 Be2 52. Ra1 Kf6 53. Ra4 Bd3+ 54. Kc1 Kf5 55. Rxb4 Kg4 56. Rb6 Kf3 57. Rxg6 Kxe3 58. f5 Bb5 59. Rg7 Be8 60. Re7 Bh5 61. Rh7 Be8 1/2-1/2

[Event "Karelia-ch 63rd"]
[Site "Petrozavodsk"]
[Date "2010.02.21"]
[Round "2"]
[White "Nasonov, Vadim"]
[Black "Dokutchaev, Aleksander"]
[Result "0-1"]
[WhiteElo "2174"]
[BlackElo "2411"]
[PlyCount "56"]
[EventDate "2010.02.20"]
[EventType "swiss"]
[EventRounds "9"]
[EventCountry "RUS"]
[SourceTitle "CBM 135 Extra"]
[Source "ChessBase"]
[SourceDate "2010.05.04"]
[SourceVersion "1"]
[SourceVersionDate "2010.05.04"]
[SourceQuality "1"]

1. d4 d5 2. g3 Nf6 3. Bg2 c6 4. Nf3 Bf5 5. 0-0 Nbd7 6. Bf4 e6 7. c4 Bxb1 8. Rxb1 dxc4 9. a4 a5 10. Qc2 Nb6 11. b3 cxb3 12. Qxb3 Bb4 13. Ne5 Nfd5 14. Qf3 0-0 15. Nd3 Nxa4 16. Nxb4 axb4 17. Bd2 Qd6 18. Qb3 Nac3 19. Bxc3 Nxc3 20. Qxb4 Qxb4 21. Rxb4 Nxe2+ 22. Kh1 Rfb8 23. Bf3 Nc3 24. Rb3 Nb5 25. Rd1 Rd8 26. d5 exd5 27. Bxd5 Kf8 28. Rdd3 Ra3 0-1